Fallout Vaults - Statistics

General Stats
  • This quiz has been taken 739 times
    618 since last reset
  • The average score is 32 of 42
Answer Stats
Game Answer % Correct
Fallout 76 Vault 1 (Game)
100%
New Vegas Vault 3
99%
New Vegas Vault 11
98%
Fallout 76 Vault 2 (Game)
96%
Fallout 2 Vault 8
96%
Fallout Vault 13
94%
Fallout 2 Vault 13
94%
Fallout 3 Vault 101
92%
Fallout Vault 12
91%
Fallout 4 Vault 111
90%
Fallout 76 Vault 76
89%
Fallout Vault 15
88%
Fallout 2 Vault 15
88%
New Vegas Vault 22
84%
New Vegas Vault 21
83%
New Vegas Vault 34
83%
Fallout 4 Vault 81
83%
New Vegas Vault 19
81%
Fallout 4 Vault 88
81%
New Vegas Vault 17
79%
Fallout 3 Vault 87
79%
Fallout 3 Vault 112
78%
Van Buren Vault 69
77%
Tactics Vault 0
75%
Fallout 4 Vault 75
75%
Fallout 4 Vault 95
75%
Van Buren Vault 29
74%
Comic Vault 43
73%
Fallout 3 Vault 92
73%
Fallout 76 Vault 51
72%
Comic Vault 77
72%
Fallout 76 Vault 96
72%
Fallout 3 Vault 106
71%
Fallout 3 Vault 108
71%
Fallout 4 Vault 114
71%
Fallout 76 Vault 63
70%
Fallout 76 Vault 79
69%
Fallout 76 Vault 94
68%
Fallout 4 Vault 118
67%
Fallout Los Angeles Vault
5%
Fallout 2 Unfinished Vault
1%
Fallout 76 VTU Simulation
1%
No matching quizzes found
Score Distribution
Percent of People with Each Score
Percentile by Number Answered
Your Score History
You have not taken this quiz since the last reset